000 00780nam a2200253 a 4500
001 39752
003 BD-RjUL
005 20211209053042.0
008 161117s1972 ii b 001 0 eng d
020 _c: IRs. 29.00
035 _a(BD-RjUL)39865
040 _aFUG
_cFUG
_dBD-RjUL
_beng
041 _aeng
082 _223
_a954.02
_bJAM 1972
100 1 _aJaffar, S. M.,
_d1910-
_9149790
245 1 0 _aMediaeval India under Muslim kings :
_bthe rise and fall of the Ghaznawids /
_cby S. M. Jaffar
260 _aDelhi :
_bIdarah-i Adabiyat-i Delli,
_cc1972
300 _axv, 280 p. ;
_c23 cm .
490 1 _aIAD oriental series ;
_v13
500 _aIncludes Index
651 0 _aIndia
_xHistory
_y1000-1765
_9164057
830 0 _aIAD oriental series ;
_v13
_9219262
942 _2ddc
_cBK
999 _c39752
_d39752